| 000 | 00878nam a2200229Ii 4500 | ||
|---|---|---|---|
| 003 | JO-AjNU | ||
| 008 | 230605s9999||||xx |||||||||||||| ||und|| | ||
| 017 | _a22/0623 | ||
| 020 | _a9960-840-39-5 | ||
| 040 |
_aJO-AjNU _bara _erda _cJO-AjNU |
||
| 041 | _aara | ||
| 050 | 1 | 4 | _aHD30.23.2001 |
| 100 | 3 |
_aالنفيعي،عبدالله مصلح؛مراجعة ابو هنطش عبدالحميد؛تفديم محمد عثمان الجلعي, _eauthor _99968 |
|
| 245 | 0 | 0 | _aمقدمة في الطرق النوعية التقنية لاعداد تنبؤات وتقديرات خطط وبرامج العمل المستقبلية |
| 250 | _aط1 | ||
| 264 | 3 | 1 | _aالرياض:عالم الكتب،2001 |
| 300 | _aص308 | ||
| 336 |
_atext _btxt _2rdacontent |
||
| 337 |
_aunmediated _bn _2rdamedia |
||
| 338 |
_avolume _bnc _2rdacarrier |
||
| 650 | 4 |
_aالتخطيط الاداري _99969 |
|
| 999 |
_aA1570 _c5138 _d5138 |
||